[Event "Titled Tuesday intern op 02nd Apr Early"]
[Site "Chess.com INT"]
[Date "2024.04.02"]
[Round "4"]
[White "Chabris, Christopher"]
[Black "Hartikainen, Jarmo"]
[Result "1-0"]
[WhiteElo "2054"]
[BlackElo "2092"]
[PlyCount "131"]
[EventDate "2024.04.02"]
[EventType "swiss (blitz)"]
[EventRounds "11"]
[EventCountry "USA"]
[SourceTitle "CB15_2024"]
[SourceDate "2024.04.10"]
[SourceVersion "1"]
[SourceVersionDate "2024.04.10"]
[SourceQuality "1"]

1. e4 c5 2. Nf3 Nc6 3. Bb5 e6 4. Bxc6 bxc6 5. d3 Ne7 6. e5 Ng6 7. h4 Qc7 8. Qe2 d6 9. exd6 Bxd6 10. Na3 Nf4 11. Bxf4 Bxf4 12. g3 Bd6 13. Nc4 Be7 14. h5 Ba6 15. Nce5 f6 16. Ng4 e5 17. h6 g6 18. b3 0-0 19. Ne3 Bc8 20. g4 Be6 21. Nc4 Bxc4 22. bxc4 Qa5+ 23. Qd2 Qxd2+ 24. Nxd2 Rab8 25. Nb3 f5 26. gxf5 Rxf5 27. Nd2 Rb2 28. Ne4 Rxc2 29. Kd1 Rb2 30. Kc1 Rb8 31. Kc2 Kf7 32. Rab1 Rxb1 33. Rxb1 Bg5 34. Rb7+ Ke6 35. Nxc5+ Kd6 36. Ne4+ Ke6 37. Rxh7 Bf4 38. Nc5+ Kf6 39. Ne4+ Ke6 40. Rh8 Rh5 41. h7 Kf7 42. Ra8 Kg7 43. Rxa7+ Kh8 44. Nf6 Rh2 45. Ra8+ Kg7 46. Rg8+ Kxf6 47. h8Q+ Rxh8 48. Rxh8 g5 49. Rh6+ Kf5 50. Rxc6 g4 51. a4 e4 52. dxe4+ Kxe4 53. a5 Kf3 54. Rf6 g3 55. fxg3 Kxg3 56. Rxf4 Kxf4 57. a6 Ke5 58. a7 Kd4 59. a8Q Kxc4 60. Qc6+ Kd4 61. Qd6+ Ke4 62. Qc5 Kf3 63. Qd4 Ke2 64. Qf4 Ke1 65. Kd3 Kd1 66. Qf1# 1-0

[Event "Titled Tuesday intern op 02nd Apr Early"]
[Site "Chess.com INT"]
[Date "2024.04.02"]
[Round "3"]
[White "Melaugh, Shane"]
[Black "Hartikainen, Jarmo"]
[Result "1-0"]
[WhiteElo "2098"]
[BlackElo "2092"]
[PlyCount "63"]
[EventDate "2024.04.02"]
[EventType "swiss (blitz)"]
[EventRounds "11"]
[EventCountry "USA"]
[SourceTitle "CB15_2024"]
[SourceDate "2024.04.10"]
[SourceVersion "1"]
[SourceVersionDate "2024.04.10"]
[SourceQuality "1"]

1. f4 e5 2. fxe5 d6 3. exd6 Bxd6 4. Nf3 Nf6 5. d4 0-0 6. Nc3 Re8 7. Bg5 Bf5 8. Qd2 Nbd7 9. 0-0-0 a6 10. e3 b5 11. Bd3 Bxd3 12. Qxd3 b4 13. Nd5 c6 14. Nxf6+ Nxf6 15. e4 h6 16. Bh4 Be7 17. Rhf1 a5 18. Kb1 a4 19. d5 Nxd5 20. exd5 Bxh4 21. Qc4 c5 22. Qxh4 b3 23. Qxd8 bxc2+ 24. Kxc2 Raxd8 25. Rd2 Rd6 26. Rfd1 g5 27. h3 f5 28. Kc3 Re4 29. Rd3 Kf7 30. g4 fxg4 31. hxg4 Rxg4 32. Ne5+ 1-0

[Event "Titled Tuesday intern op 12th Mar Late"]
[Site "Chess.com INT"]
[Date "2024.03.12"]
[Round "4"]
[White "Yang, Kevin S"]
[Black "Hartikainen, Jarmo"]
[Result "1-0"]
[WhiteElo "2096"]
[BlackElo "2089"]
[PlyCount "101"]
[EventDate "2024.03.12"]
[EventType "swiss (blitz)"]
[EventRounds "11"]
[EventCountry "USA"]
[SourceTitle "CB12_2024"]
[SourceDate "2023.10.01"]
[SourceVersion "1"]
[SourceVersionDate "2023.10.01"]
[SourceQuality "1"]

1. d4 d5 2. c4 c5 3. dxc5 e6 4. cxd5 Bxc5 5. Nc3 Nf6 6. dxe6 Qxd1+ 7. Nxd1 Bxe6 8. Nf3 Nc6 9. a3 0-0 10. Nc3 Rac8 11. Bg5 Nd5 12. Nxd5 Bxd5 13. e3 f6 14. Bf4 Rfd8 15. Be2 g5 16. Bg3 h5 17. h4 g4 18. Nd2 Bxg2 19. Rg1 Bd5 20. Bf4 Bf7 21. f3 f5 22. fxg4 fxg4 23. Ne4 Be7 24. Ng5 Bxg5 25. hxg5 Re8 26. Kf2 Bg6 27. Rac1 Kh7 28. Rgd1 Ne7 29. Rxc8 Nxc8 30. Rd7+ Re7 31. Rd8 Nb6 32. Bb5 h4 33. Bd3 Bxd3 34. Rxd3 Nc4 35. b4 g3+ 36. Kg2 Nb6 37. Rd6 Nc4 38. Rh6+ Kg7 39. Kf3 Nxa3 40. Rxh4 Nc4 41. Rh3 g2 42. Kxg2 b6 43. Kf3 a5 44. bxa5 bxa5 45. Rh6 a4 46. Ra6 a3 47. e4 Rb7 48. Kg4 Rb2 49. Kf5 a2 50. Ra7+ Kf8 51. g6 1-0

[Event "Titled Tuesday intern op 27th Feb Late"]
[Site "Chess.com INT"]
[Date "2024.02.27"]
[Round "4"]
[White "Mullodzhanov, Nathaniel"]
[Black "Hartikainen, Jarmo"]
[Result "0-1"]
[WhiteElo "1878"]
[BlackElo "2089"]
[PlyCount "162"]
[EventDate "2024.02.27"]
[EventType "swiss (blitz)"]
[EventRounds "11"]
[EventCountry "USA"]
[SourceTitle "CB10_2024"]
[SourceDate "2024.03.06"]
[SourceVersion "1"]
[SourceVersionDate "2024.03.06"]
[SourceQuality "1"]

1. e4 c5 2. c3 d5 3. exd5 Qxd5 4. d4 cxd4 5. cxd4 Nc6 6. Nf3 Bg4 7. Nc3 Bxf3 8. Nxd5 Bxd1 9. Nc7+ Kd8 10. Nxa8 Bh5 11. Bf4 e6 12. Be2 Bb4+ 13. Kf1 Bxe2+ 14. Kxe2 Nge7 15. a3 Nd5 16. Be3 Be7 17. b4 Kd7 18. Rhc1 Rxa8 19. Kd3 a6 20. Bd2 Rd8 21. Rc2 Ke8 22. Rac1 Bf6 23. Rc4 e5 24. Re1 Kf8 25. Rxc6 bxc6 26. dxe5 Be7 27. Kc2 c5 28. Kb3 cxb4 29. axb4 Rb8 30. Re4 a5 31. Rd4 Nxb4 32. Ka4 Ke8 33. f4 Bc5 34. Rc4 Nd3 35. Kxa5 Bb6+ 36. Kb5 Be3+ 37. Kc6 Bxd2 38. Rd4 Nb4+ 39. Kc7 Ra8 40. Rxd2 Ra7+ 41. Kb6 Rd7 42. Rb2 Nd5+ 43. Kc5 Ke7 44. Rb5 Nxf4 45. Kc4 Ne6 46. Kc3 Rc7+ 47. Kb2 Rc5 48. Rb7+ Nc7 49. Rb3 Ke6 50. Rg3 g6 51. Rh3 h5 52. g4 Rxe5 53. gxh5 gxh5 54. Rg3 f5 55. Rg6+ Kd5 56. Rh6 f4 57. Kc3 Ke4 58. Rc6 Nd5+ 59. Kd2 f3 60. Rc4+ Kf5 61. h4 Nf4 62. Rc8 Kg4 63. Rg8+ Kxh4 64. Rg1 f2 65. Rf1 Kg3 66. Rc1 Kg2 67. Kc3 f1Q 68. Rxf1 Kxf1 69. Kd4 Re2 70. Kc5 Kf2 71. Kb4 Ke3 72. Kc3 Rd2 73. Kb3 Kd3 74. Kb4 Rc2 75. Kb3 Nd5 76. Ka4 Rb2 77. Ka5 Kc4 78. Ka6 Kc5 79. Ka7 Kc6 80. Ka8 Kc7 81. Ka7 Ra2# 0-1

[Event "Titled Tuesday intern op 27th Feb Late"]
[Site "Chess.com INT"]
[Date "2024.02.27"]
[Round "1"]
[White "Shubenkova, Veronika"]
[Black "Hartikainen, Jarmo"]
[Result "1-0"]
[WhiteElo "2007"]
[BlackElo "2089"]
[PlyCount "69"]
[EventDate "2024.02.27"]
[EventType "swiss (blitz)"]
[EventRounds "11"]
[EventCountry "USA"]
[SourceTitle "CB10_2024"]
[SourceDate "2024.03.06"]
[SourceVersion "1"]
[SourceVersionDate "2024.03.06"]
[SourceQuality "1"]

1. b3 g6 2. Bb2 Nf6 3. e4 d6 4. g3 Bg7 5. Bg2 0-0 6. d3 e5 7. Nd2 Re8 8. Ne2 c6 9. c4 d5 10. 0-0 dxc4 11. Nxc4 Nh5 12. a4 Na6 13. Ba3 c5 14. Nc3 Be6 15. Nd5 Bxd5 16. exd5 e4 17. Rc1 exd3 18. Qxd3 Nb4 19. Bxb4 cxb4 20. d6 Qd7 21. Na5 Rad8 22. Nxb7 Bc3 23. Nxd8 Rxd8 24. Rcd1 Ng7 25. Be4 Ne6 26. Qb5 Qxb5 27. axb5 Nd4 28. Kg2 Rxd6 29. Bc6 a6 30. Rd3 axb5 31. Be4 f5 32. Bb7 Rb6 33. Bf3 Nxb3 34. Bd5+ Kg7 35. Bxb3 1-0

[Event "Titled Tuesday intern op 13th Feb Early"]
[Site "Chess.com INT"]
[Date "2024.02.13"]
[Round "4"]
[White "Daaevik, Wadhawan"]
[Black "Hartikainen, Jarmo"]
[Result "1-0"]
[WhiteElo "2311"]
[BlackElo "2089"]
[PlyCount "113"]
[EventDate "2024.02.13"]
[EventType "swiss (blitz)"]
[EventRounds "11"]
[EventCountry "USA"]
[SourceTitle "CB08_2024"]
[SourceDate "2024.02.21"]
[SourceVersion "1"]
[SourceVersionDate "2024.02.21"]
[SourceQuality "1"]

1. c4 c5 2. Nf3 Nf6 3. g3 g6 4. Bg2 Bg7 5. 0-0 0-0 6. Nc3 Nc6 7. d4 d5 8. dxc5 dxc4 9. Qa4 Qa5 10. Qxc4 Be6 11. Qh4 Qxc5 12. Be3 Qh5 13. Qxh5 Nxh5 14. Rac1 Bxc3 15. Rxc3 Rfc8 16. Nd4 Nxd4 17. Bxd4 Rxc3 18. Bxc3 Rd8 19. Bxb7 Bxa2 20. Ra1 Bc4 21. Bf3 a6 22. Ra4 Bb5 23. Rd4 Rxd4 24. Bxd4 Ng7 25. Kf1 Ne6 26. Be3 Kf8 27. Ke1 Ke8 28. Kd2 Kd7 29. Kc3 Nc7 30. Bf4 Ne6 31. Be3 Nc7 32. Bb6 e5 33. e3 f5 34. Kb4 e4 35. Bd1 Kc6 36. Bxc7 Kxc7 37. Kc5 h6 38. Bb3 Bd7 39. Bc4 Kb7 40. Kd6 Bc8 41. Ke5 g5 42. Be6 Bxe6 43. Kxe6 f4 44. gxf4 g4 45. f5 h5 46. f6 h4 47. f7 g3 48. fxg3 hxg3 49. hxg3 Kb6 50. f8Q Kb5 51. Qa3 a5 52. b3 a4 53. Qxa4+ Kb6 54. Qxe4 Kc7 55. g4 Kd8 56. g5 Kc7 57. g6 1-0

[Event "Titled Tuesday intern op 13th Feb Early"]
[Site "Chess.com INT"]
[Date "2024.02.13"]
[Round "3"]
[White "Hartikainen, Jarmo"]
[Black "Ballotti, Luca"]
[Result "1/2-1/2"]
[WhiteElo "2089"]
[BlackElo "2172"]
[PlyCount "88"]
[EventDate "2024.02.13"]
[EventType "swiss (blitz)"]
[EventRounds "11"]
[EventCountry "USA"]
[SourceTitle "CB08_2024"]
[SourceDate "2024.02.21"]
[SourceVersion "1"]
[SourceVersionDate "2024.02.21"]
[SourceQuality "1"]

1. e4 c5 2. c3 d5 3. exd5 Qxd5 4. d4 Nf6 5. Nf3 Bg4 6. Be2 e6 7. Na3 Nc6 8. Be3 cxd4 9. Nb5 Rc8 10. Nbxd4 Nxd4 11. Nxd4 Bxe2 12. Qxe2 Be7 13. 0-0 0-0 14. Rfd1 Qa5 15. Qb5 Qc7 16. h3 a6 17. Qe2 Nd5 18. a4 Nxe3 19. Qxe3 Bf6 20. Nf3 g6 21. Rd2 Rfd8 22. Rad1 Kg7 23. Rxd8 Rxd8 24. Rxd8 Qxd8 25. Qe4 Qb6 26. Qc2 h5 27. g3 Qc5 28. Nd2 h4 29. Ne4 Qe5 30. Nxf6 hxg3 31. Ng4 gxf2+ 32. Kxf2 Qf4+ 33. Kg2 e5 34. Qf2 Qg5 35. Qf3 b5 36. Kh2 bxa4 37. Qe4 Qd2+ 38. Kg3 f6 39. Qb7+ Kf8 40. Qxa6 Qf4+ 41. Kg2 Qe4+ 42. Kg3 Qf4+ 43. Kg2 Qe4+ 44. Kg3 Qf4+ 1/2-1/2

[Event "Titled Tuesday intern op 13th Feb Early"]
[Site "Chess.com INT"]
[Date "2024.02.13"]
[Round "5"]
[White "Hartikainen, Jarmo"]
[Black "Kekic, Armin"]
[Result "1-0"]
[WhiteElo "2089"]
[BlackElo "2138"]
[PlyCount "35"]
[EventDate "2024.02.13"]
[EventType "swiss (blitz)"]
[EventRounds "11"]
[EventCountry "USA"]
[SourceTitle "CB08_2024"]
[SourceDate "2024.02.21"]
[SourceVersion "1"]
[SourceVersionDate "2024.02.21"]
[SourceQuality "1"]

1. e4 c5 2. c3 d6 3. d4 cxd4 4. cxd4 Nf6 5. Nc3 e6 6. Nf3 Be7 7. Bd3 0-0 8. Qe2 Re8 9. h3 Nbd7 10. Be3 Nf8 11. 0-0 a6 12. a4 b6 13. e5 Nd5 14. Nxd5 exd5 15. Rfc1 dxe5 16. Nxe5 Bb7 17. Qh5 g6 18. Qh6 1-0

[Event "Titled Tuesday intern op 13th Feb Early"]
[Site "Chess.com INT"]
[Date "2024.02.13"]
[Round "6"]
[White "Hartikainen, Jarmo"]
[Black "Kleibel, Uwe"]
[Result "1-0"]
[WhiteElo "2089"]
[BlackElo "2302"]
[PlyCount "109"]
[EventDate "2024.02.13"]
[EventType "swiss (blitz)"]
[EventRounds "11"]
[EventCountry "USA"]
[SourceTitle "CB08_2024"]
[SourceDate "2024.02.21"]
[SourceVersion "1"]
[SourceVersionDate "2024.02.21"]
[SourceQuality "1"]

1. e4 e5 2. Nf3 Nf6 3. d4 exd4 4. e5 Ne4 5. Qxd4 d5 6. exd6 Nxd6 7. Nc3 Nc6 8. Qf4 Be6 9. Bd3 Qd7 10. Bd2 h6 11. 0-0-0 0-0-0 12. Rhe1 Kb8 13. h4 Be7 14. Ne4 Nxe4 15. Bxe4 Bd6 16. Qe3 Bxa2 17. Bc3 Be6 18. Bxg7 Rhg8 19. Bf6 Rde8 20. Qc3 Rxg2 21. Ne5 Nxe5 22. Bxe5 Rg4 23. Bxd6 cxd6 24. f3 Rxh4 25. Qf6 Qe7 26. Qxe7 Rxe7 27. Rxd6 Kc7 28. Red1 Rh2 29. R6d2 Rxd2 30. Rxd2 Re8 31. Rh2 Rh8 32. Kd2 h5 33. Ke3 h4 34. Kf4 h3 35. Bf5 Kd6 36. Bxe6 fxe6 37. Kg3 Ke5 38. Rxh3 Rxh3+ 39. Kxh3 Kf4 40. Kg2 a5 41. Kf2 a4 42. Ke2 b5 43. c3 e5 44. Kf2 e4 45. fxe4 Kxe4 46. Ke2 Kd5 47. Kd3 Kc5 48. Kd2 Kc4 49. Kc2 Kc5 50. Kd2 Kd5 51. Kd3 Ke5 52. Ke3 Kf5 53. Kd4 Ke6 54. Kc5 b4 55. Kxb4 1-0

[Event "Titled Tuesday intern op 13th Feb Late"]
[Site "Chess.com INT"]
[Date "2024.02.13"]
[Round "2"]
[White "Valenzuela Martinez, Hermes"]
[Black "Hartikainen, Jarmo"]
[Result "0-1"]
[WhiteElo "1970"]
[BlackElo "2089"]
[PlyCount "60"]
[EventDate "2024.02.13"]
[EventType "swiss (blitz)"]
[EventRounds "11"]
[EventCountry "USA"]
[SourceTitle "CB08_2024"]
[SourceDate "2024.02.21"]
[SourceVersion "1"]
[SourceVersionDate "2024.02.21"]
[SourceQuality "1"]

1. e4 c5 2. Nc3 e6 3. g3 d5 4. Bg2 Nf6 5. d3 dxe4 6. Nxe4 Nxe4 7. Bxe4 Nd7 8. f4 Nf6 9. Bg2 Qc7 10. Nf3 Bd6 11. 0-0 Bd7 12. b3 Bc6 13. Bb2 0-0 14. Qe2 Bxf3 15. Qxf3 Rab8 16. Bxf6 gxf6 17. f5 Be5 18. Rae1 Kh8 19. Re4 Rg8 20. Rh4 Rg7 21. Qh5 Bxg3 22. hxg3 Qxg3 23. Rf2 Rbg8 24. Rh3 Qe5 25. Qe2 Rxg2+ 26. Rxg2 Qxe2 27. Rxg8+ Kxg8 28. fxe6 fxe6 29. Rh2 Qd1+ 30. Kg2 Qxc2+ 0-1

[Event "Titled Tuesday intern op 06th Feb Early"]
[Site "Chess.com INT"]
[Date "2024.02.06"]
[Round "10"]
[White "Guzman Lozano, Campo Elias"]
[Black "Hartikainen, Jarmo"]
[Result "1-0"]
[WhiteElo "1837"]
[BlackElo "2089"]
[PlyCount "119"]
[EventDate "2024.02.06"]
[EventType "swiss (blitz)"]
[EventRounds "11"]
[EventCountry "USA"]
[SourceTitle "CB07_2024"]
[SourceDate "2024.02.14"]
[SourceVersion "1"]
[SourceVersionDate "2024.02.14"]
[SourceQuality "1"]

1. e4 c5 2. b4 e6 3. bxc5 Bxc5 4. d4 Be7 5. Nf3 Nf6 6. Bd3 b6 7. 0-0 Bb7 8. Re1 d6 9. c4 0-0 10. Nc3 Nc6 11. a4 e5 12. d5 Nb4 13. Bb1 Na6 14. Ba3 Nc5 15. Bxc5 bxc5 16. Bc2 Qa5 17. Qd2 Rab8 18. Reb1 a6 19. Ne2 Qxd2 20. Nxd2 Nd7 21. a5 Ba8 22. Nc3 Rb4 23. Rxb4 cxb4 24. Na4 Rb8 25. Rb1 Bd8 26. Nb3 g6 27. Kf1 Kg7 28. Ke2 h5 29. Kd3 f5 30. f3 fxe4+ 31. fxe4 Bc7 32. c5 dxc5 33. Naxc5 Nxc5+ 34. Nxc5 Bxa5 35. Nxa6 Rc8 36. Rb3 Bb7 37. Nxb4 Bxb4 38. Rxb4 Ba6+ 39. Kd2 Rf8 40. Ke3 Rc8 41. Ba4 Rc3+ 42. Kf2 Rc2+ 43. Bxc2 Bd3 44. Bxd3 g5 45. Rb6 h4 46. Bc4 Kf7 47. d6+ Ke8 48. Rb7 Kd8 49. Bb5 g4 50. Re7 g3+ 51. hxg3 hxg3+ 52. Kxg3 Kc8 53. Re8+ Kb7 54. d7 Kb6 55. Bd3 Kc5 56. d8Q Kb4 57. Qd5 Kc3 58. Rc8+ Kd2 59. Ba6+ Ke3 60. Rc3# 1-0

[Event "Titled Tuesday intern op 06th Feb Early"]
[Site "Chess.com INT"]
[Date "2024.02.06"]
[Round "2"]
[White "Hartikainen, Jarmo"]
[Black "Horcajuelo Rocamora, Martin"]
[Result "0-1"]
[WhiteElo "2089"]
[BlackElo "2181"]
[PlyCount "56"]
[EventDate "2024.02.06"]
[EventType "swiss (blitz)"]
[EventRounds "11"]
[EventCountry "USA"]
[SourceTitle "CB07_2024"]
[SourceDate "2024.02.14"]
[SourceVersion "1"]
[SourceVersionDate "2024.02.14"]
[SourceQuality "1"]

1. e4 c5 2. c3 d5 3. exd5 Nf6 4. Qa4+ b5 5. Bxb5+ Nbd7 6. Bc6 Rb8 7. Nf3 Qc7 8. 0-0 g6 9. Re1 Bg7 10. Ne5 0-0 11. d4 cxd4 12. cxd4 Nb6 13. Qa5 Nbxd5 14. Qxc7 Nxc7 15. Nc3 Ne6 16. Nf3 Ng4 17. h3 Nh6 18. d5 Nc5 19. Rxe7 Nf5 20. Re1 Nd3 21. Re2 Ba6 22. Rc2 Nb4 23. Rd2 Rfd8 24. g4 Nd6 25. Ba4 Nc4 26. Rd1 Bxc3 27. bxc3 Nxd5 28. Bg5 f6 0-1

[Event "Titled Tuesday intern op 06th Feb Early"]
[Site "Chess.com INT"]
[Date "2024.02.06"]
[Round "9"]
[White "Hartikainen, Jarmo"]
[Black "Sakun, Volodymyr"]
[Result "0-1"]
[WhiteElo "2089"]
[BlackElo "2301"]
[PlyCount "88"]
[EventDate "2024.02.06"]
[EventType "swiss (blitz)"]
[EventRounds "11"]
[EventCountry "USA"]
[SourceTitle "CB07_2024"]
[SourceDate "2024.02.14"]
[SourceVersion "1"]
[SourceVersionDate "2024.02.14"]
[SourceQuality "1"]

1. e4 c5 2. c3 Nf6 3. e5 Nd5 4. d4 cxd4 5. Nf3 Nc6 6. cxd4 d6 7. Nc3 dxe5 8. dxe5 Nxc3 9. Qxd8+ Nxd8 10. bxc3 Nc6 11. Be3 a6 12. Be2 Bg4 13. a4 0-0-0 14. Rb1 Bf5 15. Rb2 e6 16. 0-0 Bd3 17. Rd1 Ba3 18. Ra2 Bxe2 19. Rxd8+ Rxd8 20. Rxe2 Rd1+ 21. Re1 Rxe1+ 22. Nxe1 Nxe5 23. Bd4 f6 24. Bxe5 fxe5 25. Nd3 e4 26. Nf4 Kd7 27. Kf1 Bd6 28. Nh5 Be5 29. c4 g6 30. Ng3 Bxg3 31. hxg3 Kd6 32. Ke2 Kc5 33. Ke3 Kxc4 34. Kxe4 b5 35. axb5 axb5 36. Ke5 b4 37. Kxe6 b3 38. f4 b2 39. g4 b1Q 40. f5 Qe4+ 41. Kf6 Qxg4 42. fxg6 Qxg6+ 43. Ke5 Qxg2 44. Kf6 h5 0-1

[Event "Titled Tuesday intern op 06th Feb Early"]
[Site "Chess.com INT"]
[Date "2024.02.06"]
[Round "5"]
[White "Yirik, Volkan"]
[Black "Hartikainen, Jarmo"]
[Result "1-0"]
[WhiteElo "1957"]
[BlackElo "2089"]
[PlyCount "53"]
[EventDate "2024.02.06"]
[EventType "swiss (blitz)"]
[EventRounds "11"]
[EventCountry "USA"]
[SourceTitle "CB07_2024"]
[SourceDate "2024.02.14"]
[SourceVersion "1"]
[SourceVersionDate "2024.02.14"]
[SourceQuality "1"]

1. e4 c5 2. Nc3 e6 3. Bc4 Nc6 4. f4 a6 5. a4 d6 6. d3 Nf6 7. Nf3 d5 8. exd5 exd5 9. Ba2 Bg4 10. h3 Bxf3 11. Qxf3 Nd4 12. Qd1 b5 13. 0-0 Be7 14. Be3 Nf5 15. Bf2 b4 16. Ne2 0-0 17. g4 Nd4 18. Nxd4 cxd4 19. Bxd4 Rc8 20. Rc1 Bc5 21. Bxc5 Rxc5 22. Qf3 Qc7 23. Rf2 Rc8 24. g5 Ne8 25. Bxd5 Qb6 26. Kg2 Rxc2 27. Rcxc2 1-0

[Event "Titled Tuesday intern op 16th Jan Early"]
[Site "Chess.com INT"]
[Date "2024.01.16"]
[Round "4"]
[White "Hartikainen, Jarmo"]
[Black "Osinovsky, Stepan"]
[Result "0-1"]
[WhiteElo "2094"]
[BlackElo "2241"]
[PlyCount "28"]
[EventDate "2024.01.16"]
[EventType "swiss (blitz)"]
[EventRounds "11"]
[EventCountry "USA"]
[SourceTitle "CB04_2024"]
[SourceDate "2023.10.16"]
[SourceVersion "1"]
[SourceVersionDate "2023.10.16"]
[SourceQuality "1"]

1. e4 e5 2. Nf3 Nc6 3. Bc4 Nf6 4. Ng5 d5 5. exd5 b5 6. Bxb5 Qxd5 7. Bf1 Bb7 8. Nc3 Qd7 9. Bc4 Nd8 10. Qe2 Bd6 11. d4 0-0 12. dxe5 Bxe5 13. Bd2 Re8 14. Qd3 Bxc3+ 0-1

[Event "Titled Tuesday intern op 09th Jan Early"]
[Site "Chess.com INT"]
[Date "2024.01.09"]
[Round "5"]
[White "Hartikainen, Jarmo"]
[Black "Babayeva, Nasrin"]
[Result "1/2-1/2"]
[WhiteElo "2094"]
[BlackElo "1806"]
[PlyCount "112"]
[EventDate "2024.01.09"]
[EventType "swiss (blitz)"]
[EventRounds "11"]
[EventCountry "USA"]
[SourceTitle "CB03_2024"]
[SourceDate "2024.01.17"]
[SourceVersion "1"]
[SourceVersionDate "2024.01.17"]
[SourceQuality "1"]

1. e4 Nc6 2. Nf3 d6 3. b3 Nf6 4. d3 Bg4 5. Bb2 e6 6. Be2 Be7 7. Nbd2 0-0 8. h3 Bh5 9. d4 Bg6 10. Bd3 Nb4 11. 0-0 Nxd3 12. cxd3 d5 13. Re1 Re8 14. Qe2 c5 15. Rac1 cxd4 16. Nxd4 dxe4 17. dxe4 Bb4 18. f3 e5 19. Nb5 Qxd2 20. Nc7 Rec8 21. Qxd2 Bxd2 22. Nxa8 Rxc1 23. Rxc1 Bxc1 24. Bxc1 Ne8 25. Be3 b6 26. a4 f6 27. a5 bxa5 28. Bxa7 Bf7 29. Bb6 Bxb3 30. Bxa5 Kf8 31. Nc7 Ke7 32. Nxe8 Kxe8 33. Bb4 Bc2 34. Kf2 Bb3 35. Ke3 Kd7 36. Kd3 Ba4 37. Ke3 Bb5 38. g3 g6 39. h4 Ke6 40. Ba3 Bc6 41. Bb2 f5 42. exf5+ gxf5 43. Bc3 e4 44. fxe4 Bxe4 45. Kf4 Kf7 46. Kg5 Kg8 47. Be5 Bc2 48. Bf4 Bb1 49. Kh6 Bd3 50. Kg5 Be4 51. Kf6 Bd3 52. Bd6 Bc2 53. Be5 Bb1 54. Bd6 Bc2 55. Be5 Bd3 56. Bd6 Bc2 1/2-1/2

[Event "Titled Tuesday intern op 09th Jan Early"]
[Site "Chess.com INT"]
[Date "2024.01.09"]
[Round "7"]
[White "Nord, Alexander"]
[Black "Hartikainen, Jarmo"]
[Result "1-0"]
[WhiteElo "2209"]
[BlackElo "2094"]
[PlyCount "137"]
[EventDate "2024.01.09"]
[EventType "swiss (blitz)"]
[EventRounds "11"]
[EventCountry "USA"]
[SourceTitle "CB03_2024"]
[SourceDate "2024.01.17"]
[SourceVersion "1"]
[SourceVersionDate "2024.01.17"]
[SourceQuality "1"]

1. d4 d5 2. c4 c5 3. Nf3 Nf6 4. e3 e6 5. Nc3 Nc6 6. cxd5 Nxd5 7. Be2 Be7 8. 0-0 0-0 9. dxc5 Nxc3 10. bxc3 Bxc5 11. Qc2 Qe7 12. Bb2 e5 13. c4 f6 14. Rfd1 Be6 15. Bd3 g6 16. Be4 Nb4 17. Qc3 Rfd8 18. h3 Rac8 19. a3 Nc6 20. Qb3 Rxd1+ 21. Rxd1 Bb6 22. Bd5 Kg7 23. Bc3 Rd8 24. Rd2 Bxd5 25. cxd5 Na5 26. Qa2 Qc5 27. Bb4 Qc1+ 28. Kh2 e4 29. Nd4 Bxd4 30. Rxd4 Qc7+ 31. d6 Qb6 32. Qd2 Nc6 33. Rxe4 Nxb4 34. Rxb4 Qxd6+ 35. Qxd6 Rxd6 36. Rxb7+ Kh6 37. Rxa7 Rd2 38. Kg3 Ra2 39. Kf3 f5 40. Kg3 Kg5 41. a4 h5 42. h4+ Kf6 43. Kf3 Ke5 44. Ra6 Rxa4 45. Rxa4 Kf6 46. Ra6+ Ke5 47. Ra7 Kf6 48. Ra6+ Kg7 49. Rb6 Kh6 50. Kf4 Kg7 51. Kg5 Kf7 52. Rxg6 Ke7 53. Rf6 Kd7 54. Rxf5 Kd6 55. Rf6+ Ke5 56. Rh6 Ke4 57. Rxh5 Kd3 58. Rh6 Ke2 59. Rf6 Kf1 60. h5 Kg1 61. h6 Kf1 62. h7 Ke2 63. h8Q Kf1 64. Qa8 Kg1 65. Rb6 Kxf2 66. Rb2+ Kg1 67. e4 Kh2 68. g4+ Kg3 69. Qa3# 1-0

[Event "Titled Tuesday intern op 19th Dec Early"]
[Site "Chess.com INT"]
[Date "2023.12.19"]
[Round "6"]
[White "Dinu, Dumitru Daniel"]
[Black "Hartikainen, Jarmo"]
[Result "1-0"]
[WhiteElo "2190"]
[BlackElo "2101"]
[PlyCount "81"]
[EventDate "2023.12.19"]
[EventType "swiss (blitz)"]
[EventRounds "11"]
[EventCountry "USA"]
[SourceTitle "CB52_2023"]
[SourceDate "2023.12.27"]
[SourceVersion "1"]
[SourceVersionDate "2023.12.27"]
[SourceQuality "1"]

1. e4 c5 2. Nf3 Nc6 3. Bb5 e6 4. 0-0 Nge7 5. d4 cxd4 6. Nxd4 a6 7. Be2 Nxd4 8. Qxd4 Nc6 9. Qc3 Qf6 10. Be3 Qxc3 11. Nxc3 Be7 12. Na4 b5 13. Nb6 Rb8 14. Nxc8 Rxc8 15. a4 bxa4 16. Rxa4 a5 17. c3 0-0 18. Rd1 Bd8 19. Rxd7 Rb8 20. Rd2 Be7 21. f4 g6 22. Kf2 Rb3 23. Bc4 Rbb8 24. Ke2 Rfd8 25. Rxd8+ Bxd8 26. b3 h5 27. e5 Kg7 28. Kf3 f6 29. exf6+ Kxf6 30. Ke4 Bc7 31. Bf2 g5 32. fxg5+ Kxg5 33. h3 e5 34. Ra1 Rf8 35. Be3+ Kg6 36. Rd1 Bd8 37. Rd6+ Rf6 38. Rxf6+ Bxf6 39. Kd5 Ne7+ 40. Ke6 Nf5 41. Bd3 1-0

[Event "Titled Tuesday intern op 19th Dec Early"]
[Site "Chess.com INT"]
[Date "2023.12.19"]
[Round "2"]
[White "Hartikainen, Jarmo"]
[Black "Muradli, Mahammad"]
[Result "0-1"]
[WhiteElo "2101"]
[BlackElo "2550"]
[PlyCount "128"]
[EventDate "2023.12.19"]
[EventType "swiss (blitz)"]
[EventRounds "11"]
[EventCountry "USA"]
[SourceTitle "CB52_2023"]
[SourceDate "2023.12.27"]
[SourceVersion "1"]
[SourceVersionDate "2023.12.27"]
[SourceQuality "1"]

1. e4 Nf6 2. e5 Nd5 3. Nf3 d6 4. Bc4 Nb6 5. Bxf7+ Kxf7 6. Ng5+ Kg8 7. e6 Qe8 8. Qf3 g6 9. d4 Bg7 10. d5 Bf6 11. Nf7 Qb5 12. Nc3 Qc4 13. Bd2 Na6 14. g4 Nb4 15. g5 N4xd5 16. gxf6 Nxf6 17. 0-0-0 Qc6 18. Qxc6 bxc6 19. Nxh8 Kxh8 20. f3 Kg7 21. Ne4 Nxe4 22. fxe4 Bxe6 23. Bc3+ Kh6 24. Rdf1 Nd7 25. h4 Rf8 26. Rxf8 Nxf8 27. h5 gxh5 28. Rg1 Ng6 29. Bd2+ Kg7 30. Bc3+ Kf7 31. Rg5 h4 32. e5 d5 33. Rh5 Kg7 34. Be1 h6 35. Bxh4 Nf4 36. Rxh6 Kxh6 37. Bxe7 Kg6 38. Bd8 Kf5 39. Bxc7 Ke4 40. Bb8 a6 41. Kd2 Ng6 42. b4 Nxe5 43. Bxe5 Kxe5 44. a4 d4 45. Kd3 Kd5 46. c4+ Ke5 47. b5 axb5 48. axb5 c5 49. b6 Bf5+ 50. Kd2 Bc8 51. Kd3 Bb7 52. Kd2 Kd6 53. Ke2 Kc6 54. Kd3 Kxb6 55. Kd2 Ka5 56. Kd3 Kb4 57. Kc2 Kxc4 58. Kd2 d3 59. Ke3 Kc3 60. Kf4 d2 61. Ke5 d1Q 62. Ke6 Bd5+ 63. Ke5 Ba2 64. Ke4 Qd4+ 0-1